Statistics for Badly Drawn Former Countries #1

Click here to take the quiz!

General Stats

  • This quiz has been taken 1,471 times
  • The average score is 4 of 8

Answers on the Map

Answers color-coded by a green-red scale on the quiz's map according to % correct below.
 

Answer Stats

Former Country% Correct
Roman Empire
96%
Scotland
79%
Yugoslavia
76%
Goryeo
65%
Czechoslovakia
39%
Manchukuo
32%
Mamluk Sultanate
22%
Majapahit
18%

Score Distribution

Percentile by Number Answered

Percent of People with Each Score

Your Score History

You have not taken this quiz